Southville International School and Colleges
Your cart is empty.
  • Cart
  • Lists
    Public lists Eva Luna New books Lux_list list_1
    Your lists Log in to create your own lists
  • Log in to your account
  • Your cookies
  • Search history
Southville International School and Colleges
  • Advanced search
  • Recent comments
  • Most popular
  • Libraries

Log in to your account

Log in with GOOGLE


If you do not have an external account, but do have a local account, you can still log in:

  1. Home
  2. MARC view: Botany for dummies
Normal view MARC view ISBD view

Botany for dummies (Record no. 368764)

[ view plain ]
MARC details
000 -LEADER
fixed length control field 00549nam a22002057a 4500
003 - CONTROL NUMBER IDENTIFIER
control field 0
005 - DATE AND TIME OF LATEST TRANSACTION
control field 20260124142829.0
008 - FIXED-LENGTH DATA ELEMENTS--GENERAL INFORMATION
fixed length control field 260124b xxu||||| |||| 00| 0 eng d
020 ## - INTERNATIONAL STANDARD BOOK NUMBER
International Standard Book Number 9781394273898
050 ## - LIBRARY OF CONGRESS CALL NUMBER
Classification number QK 47
Item number .K7 2025
100 ## - MAIN ENTRY--PERSONAL NAME
Personal name Kratz, Rene Fester
245 ## - TITLE STATEMENT
Title Botany for dummies
Statement of responsibility, etc Kratz, Rene Fester
250 ## - EDITION STATEMENT
Edition statement 2nd edition
260 ## - PUBLICATION, DISTRIBUTION, ETC. (IMPRINT)
Place of publication, distribution, etc Hoboken, New Jersey
Name of publisher, distributor, etc John Wiley & Sons, Inc.
Date of publication, distribution, etc 2025
300 ## - PHYSICAL DESCRIPTION
Extent xii, 385 pages ;
Dimensions 24cm.
504 ## - BIBLIOGRAPHY, ETC. NOTE
Bibliography, etc Includes index.
650 ## - SUBJECT ADDED ENTRY--TOPICAL TERM
Topical term or geographic name as entry element Botany.
650 ## - SUBJECT ADDED ENTRY--TOPICAL TERM
Topical term or geographic name as entry element Plants.
942 ## - ADDED ENTRY ELEMENTS (KOHA)
Source of classification or shelving scheme Library of Congress Classification
Koha item type Books
Holdings
Withdrawn status Lost status Source of classification or shelving scheme Damaged status Home library Current library Shelving location Date acquired Source of acquisition Sub Shelving location Total Checkouts Full call number Barcode Date last seen Price effective from Koha item type
    Library of Congress Classification   South SEED-LPDH College Library South SEED-LPDH College Library South SEED-LPDH College Section 01/24/2026 Library Fund     QK 47 .K7 2025 SSLC1955 01/24/2026 01/24/2026 Books

Botany for dummies

APA

Kratz R. F., . (2025). Botany for dummies. Hoboken, New Jersey: John Wiley & Sons, Inc.

Chicago

Kratz Rene Fester, . 2025. Botany for dummies. Hoboken, New Jersey: John Wiley & Sons, Inc.

Harvard

Kratz R. F., . (2025). Botany for dummies. Hoboken, New Jersey: John Wiley & Sons, Inc.

MLA

Kratz Rene Fester, . Botany for dummies. Hoboken, New Jersey: John Wiley & Sons, Inc. 2025.

  • Place hold
  • Print
  • Cite
  • Add to your cart (remove)
  • Save record
    BIBTEX Dublin Core MARCXML MARC (non-Unicode/MARC-8) MARC (Unicode/UTF-8) MARC (Unicode/UTF-8, Standard) MODS (XML) RIS
  • More searches
    Search for this title in:
    Other Libraries (WorldCat) Other Databases (Google Scholar) Online Stores (Bookfinder.com) Open Library (openlibrary.org)

Exporting to Dublin Core...

SOUTHVILLE LIBRARY

Southville International School and Colleges Library

1281 Tropical Ave. Cor. Luxembourg St., BF Homes International, Las Pinas City

Tel. No. 8256374 / 252358 Loc. 117/146

Powered by Koha